| 000 | 01264cam a2200373 i 4500 | ||
|---|---|---|---|
| 999 |
_c200443924 _d62136 |
||
| 001 | 200443924 | ||
| 003 | TR-AnTOB | ||
| 005 | 20241129155057.0 | ||
| 007 | ta | ||
| 008 | 781013s1970 tu b 000 0 tur d | ||
| 010 | _a78355111 | ||
| 035 | _a(OCoLC)4465018 | ||
| 035 | _a(TR-AnTOB)200443924 | ||
| 040 |
_aDLC _beng _erda _cDLC _dBGZ _dTR-AnTOB |
||
| 041 | 0 | _atur | |
| 043 | _aa-tu--- | ||
| 050 | 1 | 4 |
_aHD9016.T82 _bM55 |
| 090 |
_aTOBBK HD9016.T82 _bM55 |
||
| 110 | 2 |
_aMilli Prodüktivite Merkezi (Turkey). _bTarım Şubesi _9130325 |
|
| 245 | 1 | 0 |
_aTarımsal ürünlerin pazarlanması / _cMPM Tarım Şubesi. |
| 264 | 1 |
_a[Ankara] : _bMilli Prodüktivite Merkezi, _c[date of publication not identified] |
|
| 300 |
_aiii, 171 pages ; _c24 cm |
||
| 336 |
_atext _btxt _2rdacontent |
||
| 337 |
_aunmediated _bn _2rdamedia |
||
| 338 |
_avolume _bnc _2rdacarrier |
||
| 490 | 0 |
_aMilli Prodüktivite Merkezi yayınları ; _v46. |
|
| 650 | 7 |
_aÇiftlik ürünü _zTürkiye _2etuturkob _9132705 |
|
| 650 | 7 |
_aÜrün ticareti _zTürkiye _2etuturkob _933786 |
|
| 650 | 7 |
_aBesin endüstrisi ve ticareti _zTürkiye _2etuturkob _944349 |
|
| 650 | 7 |
_aÜrün ticareti _2etuturkob _934116 |
|
| 942 |
_2z _cBK |
||